Catálogo público

El poema de los siete colores / (Record no. 168095)

MARC details
000 -CABECERA
campo de control de longitud fija 00780nam a2200289Ia 4500
001 - NÚMERO DE CONTROL
campo de control Z_5039
003 - IDENTIFICADOR DEL NÚMERO DE CONTROL
campo de control CHAP
008 - DATOS DE LONGITUD FIJA--INFORMACIÓN GENERAL
campo de control de longitud fija 220113s1985 xx 000 0 und d
010 ## - NÚMERO DE CONTROL DE LA BIBLIOTECA DEL CONGRESO
Número de control de LC 168095
020 ## - NÚMERO INTERNACIONAL ESTÁNDAR DEL LIBRO
Número Internacional Estándar del Libro 968-884-008-4
040 ## - FUENTE DE LA CATALOGACIÓN
Centro/agencia transcriptor CHAP
082 ## - NÚMERO DE LA CLASIFICACIÓN DECIMAL DEWEY
Número de clasificación 861.64 Z35
100 ## - ENTRADA PRINCIPAL--NOMBRE DE PERSONA
Nombre de persona Zaldívar Flores, José Antonio
9 (RLIN) 123460
245 ## - MENCIÓN DE TÍTULO
Título El poema de los siete colores /
Mención de responsabilidad, etc. José Antonio Zaldívar Flores
250 ## - MENCIÓN DE EDICIÓN
Mención de edición 2a ed.
260 ## - PUBLICACIÓN, DISTRIBUCIÓN, ETC.
Lugar de publicación, distribución, etc. México :
Nombre del editor, distribuidor, etc. Universidad Autónoma Chapingo,
Fecha de publicación, distribución, etc. 1985
300 ## - DESCRIPCIÓN FÍSICA
Extensión 50 p.
440 ## - MENCIÓN DE SERIE/PUNTO DE ACCESO ADICIONAL--TÍTULO
Título Colección Cuadernos Universitarios: serie arte y literatura
9 (RLIN) 25033
503 ## - NOTA DE HISTORIA BIBLIOGRÁFICA (BK CF MU) [OBSOLETO]
Nota de historia bibliográfica ej.1: - ej.2: Donación
650 ## - PUNTO DE ACCESO ADICIONAL DE MATERIA--TÉRMINO DE MATERIA
Término de materia o nombre geográfico como elemento de entrada Poesía mexicana
9 (RLIN) 90146
901 ## - ELEMENTOS DE DATOS A LOCAL LDA (RLIN)
a 861.64 Z35
902 ## - ELEMENTOS DE DATOS B LOCAL, LDB (RLIN)
a M
910 ## - DATOS DE OPCIÓN DEL USUARIO (OCLC)
Datos de opción del usuario 1985
942 ## - ELEMENTOS DE PUNTO DE ACCESO ADICIONAL (KOHA)
Tipo de ítem Koha Libro_
942 ## - ELEMENTOS DE PUNTO DE ACCESO ADICIONAL (KOHA)
Tipo de ítem Koha
Holdings
Estado de retiro Estado de pérdida Fuente del sistema de clasificación o colocación Estado dañado No para préstamo Código de colección Localización permanente Ubicación/localización actual Ubicación en estantería Fecha de adquisición Código de barras Fecha visto por última vez Número de copia Precio válido a partir de Tipo de ítem Koha
    Dewey Decimal Classification     General Zootecnia Zootecnia   11/05/2012 z_3844 18/01/2022 1 18/01/2022 Libro
    Dewey Decimal Classification     General Zootecnia Zootecnia   11/05/2012 z_3845 18/01/2022 2 18/01/2022 Libro